000 00643nam a2200241Ia 4500
003 OSt
005 20221007080351.0
006 a|||||r|||| 00| 0
007 ta
008 221006b |||||||| |||| 00| 0 eng d
024 _a39,425
037 _cTextual
040 _aFLL
_cFLL
_beng
041 _2eng
_aeng
082 _aZ3V:N3, Q0
100 _aKiralfy A.K.R.
_9688364
245 0 _aHistorical introduction to english
250 _a2nd
260 _aNew Delhi
_bUniversal Law Publishing Co. India
_c2010
300 _axxxii,675p
_ccm.
942 _hZ3V:N3, Q0
_cTEXL
_2CC
999 _c1159337
_d1159337